The 8051 Microcontroller & Embedded Systems Using Assembly & C (Record no. 15909)

MARC details
000 -LEADER
fixed length control field 00440nam a2200157Ia 4500
008 - FIXED-LENGTH DATA ELEMENTS--GENERAL INFORMATION
fixed length control field 221030s9999 xx 000 0 und d
020 ## - INTERNATIONAL STANDARD BOOK NUMBER
ISBN 8131511057
041 ## - LANGUAGE CODE
Language code of text/sound track or separate title
100 ## - MAIN ENTRY--AUTHOR NAME
Personal name K. J. Ayala
245 #4 - TITLE STATEMENT
Title The 8051 Microcontroller & Embedded Systems Using Assembly & C
Statement of responsibility, etc by K. J. Ayala, D. V. Gadre
260 ## - PUBLICATION, DISTRIBUTION, ETC. (IMPRINT)
Name of publisher Cengage Learning
Place of publication New Delhi
Year of publication 2014
300 ## - PHYSICAL DESCRIPTION
Number of Pages 517
650 ## - SUBJECT ADDED ENTRY--TOPICAL TERM
Topical Term BB Computer
700 ## - ADDED ENTRY--PERSONAL NAME
Personal name D. V. Gadre
942 ## - ADDED ENTRY ELEMENTS (KOHA)
Koha item type Books
Holdings
Accession Number Cost, normal purchase price Bill Date Source of acquisition Price effective from Koha item type Withdrawn / writtenoff status Materials specified (bound volume or other part) Damaged status Not for loan Permanent Location Current Location Shelving location Date acquired Lost/ Missing status department
BB 738 450.00 3983 RKB 10/30/2022 Books   Print     MIET Library, Jammu MIET Library, Jammu BL-Academic Block B, FL-2, CUP-104, SH-2, R-2 12/24/2015   BB
BE 14438 450.00 3983 RKB 10/30/2022 Books   Print   Not For Loan MIET Library, Jammu MIET Library, Jammu BL-Academic Block B, FL-2, CUP-149, SH-4, R-4 01/04/2016   BE
BE 14439 450.00 3983 RKB 10/30/2022 Books   Print     MIET Library, Jammu MIET Library, Jammu BL-Academic Block B, FL-2, CUP-128, SH-4, R-4 01/04/2016   BE